000
00335nam a2200133Ia 4500
005
20250424120333.0
008
250424s9999 xx 000 0 und d
050
_a
Trcn professional diary
245
0
_a
Abuja
260
_a
Teachers Registration Council of Nigeria
260
_b
2012
260
_c
308 p. : ill. ; 29 cm.
650
_a
SR
999
_c
38744
_d
38744